000 00829cam a2200205 4500
001 WB3840-04
008 021029n2002 000 0 eng u
035 _a(Sirsi) u120298
245 _aBMI highlights cleaning bill for elderly
260 _c2002
490 _aBMI Press Release
_v October 2002, (2)
520 _aThe latest BMI report, "Occupancy costs of communal residential premises", reveals that building owners could be paying running costs for nursing homes and halls of residence of up to £9000 per 100 square metres of space and of this, one third is taken up by cleaning bills.
590 _aWB
650 _aFACILITIES MANAGEMENT
_96240
650 _aNURSING HOMES
650 _aHALLS OF RESIDENCE
650 _aCLEANING COSTS
690 _aBUILDING AND CONSTRUCTION-REPAIRS AND MAINTENANCE
942 _n0
999 _c71473
_d71473